000
00278nam a22001217a 4500
040
_c
HS
082
_a
510
100
_a
ឡេង ប៊ុនហ៊
245
_a
គណិតវិទ្យា
260
_a
RUA
_b
ឡេង ប៊ុនហ៊
_c
2005
300
_a
NA
942
_c
KB
999
_c
8597
_d
8597